<?xml version="1.0" encoding="UTF-8"?>
<record
    xmlns:xsi="http://www.w3.org/2001/XMLSchema-instance"
    xsi:schemaLocation="http://www.loc.gov/MARC21/slim http://www.loc.gov/standards/marcxml/schema/MARC21slim.xsd"
    xmlns="http://www.loc.gov/MARC21/slim">

  <leader>00314nas a22001217a 4500</leader>
  <controlfield tag="005">20250722091246.0</controlfield>
  <controlfield tag="008">220901b           ||||| |||| 00| 0 eng d</controlfield>
  <datafield tag="022" ind1=" " ind2=" ">
    <subfield code="a">2249-0396</subfield>
  </datafield>
  <datafield tag="040" ind1=" " ind2=" ">
    <subfield code="a"> </subfield>
    <subfield code="c"> </subfield>
  </datafield>
  <datafield tag="245" ind1=" " ind2=" ">
    <subfield code="a">Shodha</subfield>
  </datafield>
  <datafield tag="260" ind1=" " ind2=" ">
    <subfield code="a">Shri Dharmasthala Manjunatheshwara College, Ujire</subfield>
    <subfield code="b">Jul2y,2022</subfield>
  </datafield>
  <datafield tag="942" ind1=" " ind2=" ">
    <subfield code="2">ddc</subfield>
    <subfield code="c">PR</subfield>
    <subfield code="s">1</subfield>
  </datafield>
  <datafield tag="999" ind1=" " ind2=" ">
    <subfield code="c">224502</subfield>
    <subfield code="d">224502</subfield>
  </datafield>
  <datafield tag="952" ind1=" " ind2=" ">
    <subfield code="0">0</subfield>
    <subfield code="1">0</subfield>
    <subfield code="2">ddc</subfield>
    <subfield code="4">0</subfield>
    <subfield code="7">0</subfield>
    <subfield code="a">AL</subfield>
    <subfield code="b">AL</subfield>
    <subfield code="c">PS</subfield>
    <subfield code="d">2022-09-01</subfield>
    <subfield code="l">0</subfield>
    <subfield code="r">2022-09-01 00:00:00</subfield>
    <subfield code="w">2022-09-01</subfield>
    <subfield code="y">PR</subfield>
  </datafield>
  <datafield tag="952" ind1=" " ind2=" ">
    <subfield code="0">0</subfield>
    <subfield code="1">0</subfield>
    <subfield code="2">ddc</subfield>
    <subfield code="4">0</subfield>
    <subfield code="7">0</subfield>
    <subfield code="a">AL</subfield>
    <subfield code="b">AL</subfield>
    <subfield code="c">PS</subfield>
    <subfield code="d">2025-07-22</subfield>
    <subfield code="h">Vol. 13, No. 1</subfield>
    <subfield code="l">0</subfield>
    <subfield code="r">2025-07-22 09:14:15</subfield>
    <subfield code="w">2025-07-22</subfield>
    <subfield code="y">PR</subfield>
  </datafield>
  <datafield tag="952" ind1=" " ind2=" ">
    <subfield code="0">0</subfield>
    <subfield code="1">0</subfield>
    <subfield code="2">ddc</subfield>
    <subfield code="4">0</subfield>
    <subfield code="7">0</subfield>
    <subfield code="a">AL</subfield>
    <subfield code="b">AL</subfield>
    <subfield code="c">PS</subfield>
    <subfield code="d">2025-07-22</subfield>
    <subfield code="h">Vol. 13, No. 2</subfield>
    <subfield code="l">0</subfield>
    <subfield code="r">2025-07-22 09:14:29</subfield>
    <subfield code="w">2025-07-22</subfield>
    <subfield code="y">PR</subfield>
  </datafield>
  <datafield tag="952" ind1=" " ind2=" ">
    <subfield code="0">0</subfield>
    <subfield code="1">0</subfield>
    <subfield code="2">ddc</subfield>
    <subfield code="4">0</subfield>
    <subfield code="7">0</subfield>
    <subfield code="a">AL</subfield>
    <subfield code="b">AL</subfield>
    <subfield code="c">PS</subfield>
    <subfield code="d">2025-07-22</subfield>
    <subfield code="h">Vol. 15, No. 1</subfield>
    <subfield code="l">0</subfield>
    <subfield code="r">2025-07-22 09:19:57</subfield>
    <subfield code="w">2025-07-22</subfield>
    <subfield code="y">PR</subfield>
  </datafield>
  <datafield tag="952" ind1=" " ind2=" ">
    <subfield code="0">0</subfield>
    <subfield code="1">0</subfield>
    <subfield code="2">ddc</subfield>
    <subfield code="4">0</subfield>
    <subfield code="7">0</subfield>
    <subfield code="a">AL</subfield>
    <subfield code="b">AL</subfield>
    <subfield code="c">PS</subfield>
    <subfield code="d">2026-02-24</subfield>
    <subfield code="h">Vol. 15, No.2</subfield>
    <subfield code="r">2026-02-24 12:35:53</subfield>
    <subfield code="w">2026-02-24</subfield>
    <subfield code="y">PR</subfield>
  </datafield>
</record>
